Economic convergence and divergence in Europe growth and regional development in an enlarged European union
Salvato in:
| Altri autori: | , |
|---|---|
| Natura: | Libro |
| Lingua: | inglese |
| Pubblicazione: |
Cheltenham
Edward Elgar
2003
|
| Soggetti: | |
| Tags: |
Nessun Tag, puoi essere il primo ad aggiungerne!!
|
MARC
| LEADER | 00000nam$a2200000$$$4500 | ||
|---|---|---|---|
| 001 | 0042951 | ||
| 005 | 20240104133109.4 | ||
| 020 | |a 1-84376-241-2 | ||
| 041 | 0 | |a eng | |
| 044 | |a GB | ||
| 245 | 1 | 0 | |a Economic convergence and divergence in Europe |b growth and regional development in an enlarged European union |c Edited by: Gertrude Tumpel-Gugerell, Peter Mooslechner |
| 264 | 1 | |a Cheltenham |b Edward Elgar |c 2003 | |
| 300 | |a 471 s. | ||
| 610 | 2 | 0 | |a integrácia ekonomická medzinárodná |
| 610 | 2 | 0 | |a konvergencia |
| 610 | 2 | 0 | |a rast hospodársky |
| 610 | 2 | 0 | |a rozvoj regionálny |
| 610 | 2 | 0 | |a mena |
| 610 | 2 | 0 | |a reštrukturalizácia |
| 610 | 2 | 0 | |a priemysel |
| 610 | 2 | 0 | |a zmeny štruktúrne |
| 610 | 2 | 0 | |a firmy |
| 610 | 2 | 0 | |a krajiny tranzitívne |
| 610 | 2 | 0 | |a politika peňažná |
| 610 | 2 | 0 | |a kurz devízový |
| 610 | 2 | 0 | |a makroekonomika |
| 610 | 2 | 0 | |a únie menové |
| 610 | 2 | 0 | |a financie |
| 610 | 2 | 0 | |a politika hospodárska |
| 610 | 2 | 0 | |a politika sociálna |
| 610 | 2 | 0 | |a eurozóna |
| 610 | 2 | 0 | |a stredná Európa |
| 610 | 2 | 0 | |a východná Európa |
| 610 | 2 | 0 | |a Európska únia |
| 700 | 1 | |a Tumpel-Gugerell, Gertrude | |
| 700 | 1 | |a Mooslechner, Peter | |